000 00713cam a2200241 a 4500
001 14951302
005 20180215085642.0
008 070802s2008 nyua b 001 0 eng
010 _a 2007934444
020 _a9780312451929 (pbk.)
020 _a031245192X (pbk.)
040 _aDLC
_cDLC
_dDLC
041 _aeng
080 _a808.042 EDE
082 0 0 _a808.042 EDE
_222
100 1 _a47
101 _aEDU
245 1 4 _aThe academic writer :
_cLisa Ede.
504 _aIncludes bibliographical references (p. 308-341) and index.
906 _a7
_bcbc
_corignew
_d2
_eepcn
_f20
_gy-gencatlg
942 _2ddc
_cBK
999 _c42689
_d42689